Хомо эректус: пьесы и инсценировки; Хомо эректус, или Обмен женами; Левая грудь Афродиты; Контрольный выстрел
| Autore principale: | |
|---|---|
| Riassunto: | В сборник известного писателя Юрия Полякова вошли его пьесы и инсценировки, по которым поставлены спектакли, идущие с неизменным успехом в театрах страны. Ю. Поляков — мастер остросюжетной лирической комедии, столь редкого жанра в нынешнем театральном искусстве. Его пьесы отличают сюжетная острота, психологическая достоверность, искрометный юмор и утонченная эротика. |
| Lingua: | russo |
| Pubblicazione: |
Москва, Росмэн, 2004
|
| TOC: | Хомо эректус, или Обмен женами; Левая грудь Афродиты; Контрольный выстрел; |
| Soggetti: | |
| Natura: | MixedMaterials Libro |
| KOHA link: | https://koha.lib.tpu.ru/cgi-bin/koha/opac-detail.pl?biblionumber=87020 |
MARC
| LEADER | 00000nam0a2200000 4500 | ||
|---|---|---|---|
| 001 | 87020 | ||
| 005 | 20231101213521.0 | ||
| 010 | |a 5353014375 | ||
| 035 | |a (RuTPU)RU\TPU\book\93439 | ||
| 090 | |a 87020 | ||
| 100 | |a 20051205d2004 m y0rusy50 ca | ||
| 101 | 0 | |a rus | |
| 102 | |a RU | ||
| 105 | |a y z 000by | ||
| 200 | 1 | |a Хомо эректус |e пьесы и инсценировки |f Ю. М. Поляков | |
| 210 | |a Москва |c Росмэн |d 2004 | ||
| 215 | |a 461 с. | ||
| 330 | |a В сборник известного писателя Юрия Полякова вошли его пьесы и инсценировки, по которым поставлены спектакли, идущие с неизменным успехом в театрах страны. Ю. Поляков — мастер остросюжетной лирической комедии, столь редкого жанра в нынешнем театральном искусстве. Его пьесы отличают сюжетная острота, психологическая достоверность, искрометный юмор и утонченная эротика. | ||
| 464 | |t Хомо эректус, или Обмен женами |o комедия | ||
| 464 | |t Левая грудь Афродиты |o комедия | ||
| 464 | |t Контрольный выстрел |o семейная комедия | ||
| 610 | 1 | |a русская литература | |
| 610 | 1 | |a пьесы | |
| 610 | 1 | |a инсценировки | |
| 675 | |a Р2 |v 3 | ||
| 700 | 1 | |a Поляков |b Ю. М. |c российкий писатель |f 1954- |g Юрий Михайлович |2 stltpush |3 (RuTPU)RU\TPU\pers\44818 |4 070 |9 21852 | |
| 801 | 1 | |a RU |b 63413507 |c 20051205 |g PSBO | |
| 801 | 2 | |a RU |b 63413507 |c 20191018 |g PSBO | |
| 942 | |c BK | ||